UN-HABITAT (Program OSN pre ľudské sídla) podpora udržateľného sídelného rozvoja a adekvátneho bývania pre všetkých

Autor v prispevku predstavuje agentúru OSN zameranú na riešenie problematiky v oblasti rozvoja ľudských sídiel. Zameranie agentúry, história jej vzniku, organizácia jej práce, oblasti, v ktorých pôsobí. To všetko autor zasadzuje do obdobia masívnej urbanizácie a všetkých jej efektov na ľudskú spoloč...

Description complète

Enregistré dans:
Détails bibliographiques
Auteur principal: Mojžiš, Miroslav
Format: Chapitre de livre
Langue:slovaque
Sujets:
Tags: Ajouter un tag
Pas de tags, Soyez le premier à ajouter un tag!

MARC

LEADER 00000nla$a2200000$$$4500
001 0082625
005 20240502071928.5
041 0 |a slo 
044 |a SK 
245 1 0 |a UN-HABITAT (Program OSN pre ľudské sídla)  |b podpora udržateľného sídelného rozvoja a adekvátneho bývania pre všetkých  |c Miroslav Mojžiš 
520 |a Autor v prispevku predstavuje agentúru OSN zameranú na riešenie problematiky v oblasti rozvoja ľudských sídiel. Zameranie agentúry, história jej vzniku, organizácia jej práce, oblasti, v ktorých pôsobí. To všetko autor zasadzuje do obdobia masívnej urbanizácie a všetkých jej efektov na ľudskú spoločnosť a jej životné prostredie. 
610 2 0 |a rozvoj územný 
610 2 0 |a urbanizmus 
610 2 0 |a osídlenie 
610 2 0 |a organizácie medzinárodné 
610 2 0 |a agentúry 
610 2 0 |a chudoba 
610 2 0 |a kvalita života 
100 1 |a Mojžiš, Miroslav